00329cam a22000977a 4500008004000000082002100040100002200061245010200083260003700185300000900222180718b1967 xxu||||| |||| 00| 0 eng d aL203x54 In2int/1 aBhoothalingam, S. aFirst interim report on rationalism and simplication of direct taxation lawscby S. Bhoothalingam aDelhibMinistry of Financec1967 a31p.